|
|
แสดงรายละเอียดบรรณานุกรม |
|
|
Brief Record
: Get Marc (ISO 2709)
: E-mail record
: |
|
|
| LEADER 00000nam 2200000uu 4500 | |||
| 001 214220 | |||
| 003 ULIBM | |||
| 008 240820s||||||||th 000 0 tha d | |||
| 020 ^a978-616-578-621-8 | |||
| 040 ^abcnkk | |||
| 041 ^atha | |||
| 050 0 ^aPE1128 ภ432t 2566 | |||
| 100 0 ^aภาณุพงศ์ คำวชิรพิทักษ์ | |||
| 245 00 ^aTOEIC ไม่ยาก 900+เรื่องหมูๆ/^cโดย ภาณุพงศ์ คำวชิรพิทักษ์ | |||
| 260 ^aกรุงเทพฯ :^bต้นกล้า,^c2566 | |||
| 300 ^a 480 หน้า:^bภาพประกอบ;^c24 ซม. | |||
| 650 0 ^aภาษาอังกฤษ--ข้อสอบและเฉลย | |||
| 650 0 ^aภาษาอังกฤษ--ไวยากรณ์ | |||
| 999 ^aใช้งานได้ทุกระบบ | |||
| คุณยังไม่ได้ล็อกอิน คุณสามารถมีกิจกรรมร่วมกับเว็บไซต์ได้ แต่ต้องล็อกอินก่อน :: |
|
| สถานะ | |||||||||
| 1. | หนังสือทั่วไป | PE1128 ภ432t 2566 ฉ.1 | On Shelf ขอยืม | ||||||
| Note:จัดซื้อปีงบประมาณ 2567 | |||||||||
| 2. | หนังสือทั่วไป | PE1128 ภ432t 2566 ฉ.2 | ถูกยืม กำหนดส่งวันที่ จอง | ||||||
| Note:จัดซื้อปีงบประมาณ 2567 | |||||||||
| 3. | หนังสือทั่วไป | PE1128 ภ432t 2566 ฉ.3 | On Shelf ขอยืม | ||||||
| Note:จัดซื้อปีงบประมาณ 2567 | |||||||||
| [แสดง 3/3 รายการ] | |||||||||
| รายการใกล้เคียง หัวเรื่อง [ภาษาอังกฤษ--ไวยากรณ์]
|
BibComment |
| คอมเมนท์ทรัพยากรรายการนี้ |
|
|